Catálogo público

Abeja africanizada / (Record no. 166404)

MARC details
000 -CABECERA
campo de control de longitud fija 00675nam a2200277Ia 4500
001 - NÚMERO DE CONTROL
campo de control Z_3295
003 - IDENTIFICADOR DEL NÚMERO DE CONTROL
campo de control CHAP
008 - DATOS DE LONGITUD FIJA--INFORMACIÓN GENERAL
campo de control de longitud fija 220113s1991 xx 000 0 und d
010 ## - NÚMERO DE CONTROL DE LA BIBLIOTECA DEL CONGRESO
Número de control de LC 166404
040 ## - FUENTE DE LA CATALOGACIÓN
Centro/agencia transcriptor CHAP
090 ## - LOCALMENTE ASIGNADO TIPO-LC NÚMERO DE CLASIFICACIÓN (OCLC); NÚMERO DE CLASIFICACIÓN LOCAL (RLIN)
Número de clasificación (OCLC) (R) ; Numero de clasificación, CALL (RLIN) (NR) Folleto 378
100 ## - ENTRADA PRINCIPAL--NOMBRE DE PERSONA
Nombre de persona Fideicomisos Instituidos en Relación con la agricultura. México
9 (RLIN) 139140
245 ## - MENCIÓN DE TÍTULO
Título Abeja africanizada /
Mención de responsabilidad, etc. por FIRA
260 ## - PUBLICACIÓN, DISTRIBUCIÓN, ETC.
Lugar de publicación, distribución, etc. México, D. F. :
Nombre del editor, distribuidor, etc. FIRA,
Fecha de publicación, distribución, etc. 1991
300 ## - DESCRIPCIÓN FÍSICA
Extensión 43 p. ; ilus.
440 ## - MENCIÓN DE SERIE/PUNTO DE ACCESO ADICIONAL--TÍTULO
Título FIRA Boletín XXIII (225)
9 (RLIN) 140484
500 ## - NOTA GENERAL
Nota general
503 ## - NOTA DE HISTORIA BIBLIOGRÁFICA (BK CF MU) [OBSOLETO]
Nota de historia bibliográfica
650 ## - PUNTO DE ACCESO ADICIONAL DE MATERIA--TÉRMINO DE MATERIA
Término de materia o nombre geográfico como elemento de entrada Apicultura
9 (RLIN) 6241
901 ## - ELEMENTOS DE DATOS A LOCAL LDA (RLIN)
a Folleto 378
902 ## - ELEMENTOS DE DATOS B LOCAL, LDB (RLIN)
a A
910 ## - DATOS DE OPCIÓN DEL USUARIO (OCLC)
Datos de opción del usuario 1991
942 ## - ELEMENTOS DE PUNTO DE ACCESO ADICIONAL (KOHA)
Tipo de ítem Koha
942 ## - ELEMENTOS DE PUNTO DE ACCESO ADICIONAL (KOHA)
Tipo de ítem Koha
Holdings
Estado de retiro Estado de pérdida Fuente del sistema de clasificación o colocación Estado dañado Restricciones de uso No para préstamo Código de colección Localización permanente Ubicación/localización actual Fecha de adquisición Número de inventario Total de préstamos Signatura topográfica completa Código de barras Fecha visto por última vez Número de copia Precio válido a partir de Tipo de ítem Koha Fuente de adquisición
    Clasificación Universidad Autónoma de Chapingo   Préstamo interno   Folletos Zootecnia Zootecnia 09/11/2005 S/N   Folleto 378 z_A0477 18/01/2022 Ej.1 18/01/2022 Folleto  
    Clasificación Universidad Autónoma de Chapingo   Préstamo interno   Folletos Zootecnia Zootecnia 09/11/2005 Donación   Folleto 378 z_A0478 18/01/2022 Ej.2 18/01/2022 Folleto Donación